[Event "POL-ch U13 Qual"]
[Site "Jastrzebia Gora"]
[Date "2021.11.18"]
[Round "6"]
[White "Wieckowski, Igor"]
[Black "Jaszczuk, Piotr"]
[Result "1-0"]
[WhiteElo "1140"]
[BlackElo "1344"]
[PlyCount "77"]
[EventDate "2021.11.15"]
[EventType "swiss"]
[EventRounds "9"]
[EventCountry "POL"]
[SourceTitle "EXT 2023"]
[Source "ChessBase"]
[SourceDate "2022.10.05"]
[SourceVersion "1"]
[SourceVersionDate "2022.10.05"]
[SourceQuality "1"]

1. c4 e5 2. Nc3 Nc6 3. g3 d6 4. Bg2 Be6 5. b3 Qd7 6. e3 Nge7 7. d4 d5 8. cxd5 Nxd5 9. Nxd5 Bxd5 10. e4 Bb4+ 11. Bd2 Bxd2+ 12. Qxd2 Bxe4 13. Bxe4 exd4 14. Ne2 0-0 15. Rc1 Rfe8 16. Bxc6 bxc6 17. 0-0 Rad8 18. Qd3 Re5 19. Rc4 c5 20. b4 cxb4 21. Rxd4 Rd5 22. Rd1 Rxd4 23. Qxd4 Qxd4 24. Rxd4 Rxd4 25. Nxd4 c5 26. Nc6 a6 27. Kf1 Kf8 28. Ke2 Ke8 29. Kd3 Kd7 30. Nb8+ Kc7 31. Nxa6+ Kb6 32. Nb8 Kc7 33. Kc4 Kxb8 34. Kxc5 Kc7 35. Kxb4 Kb6 36. Kc4 Ka5 37. Kd5 Ka4 38. Kd6 Ka3 39. Ke7 1-0